البناء النفسي لشخصية المعلم من منظور إسلامي / (رقم التسجيلة. 41041)

تفاصيل مارك
000 -الفاتح
حقل البيانات ثابتة الطول 00934nam a22002297a 4500
003 - محدد رقم الضبط
رقم الضبط OSt
005 - وقت وتاريخ اخر تعامل مع التسجيلة
رقم الضبط 20171005173018.0
008 - عناصر البيانات ثابتة الطول - معلومات عامة
حقل البيانات ثابتة الطول 160502s2017 ua g b 000 0 ara d
020 ## - الرقم الدولى المعيارى للكتب
الرقم الدولى المعيارى للكتاب 9789774402196
040 ## - مصدر الفهرسة
وكالة الفهرسة الأصلية Ma-Un
لغة الفهرسة ara
وكالة النسخ Dar Arab
082 04 - رقم تصنيف ديوى العشرى
رقم التصنيف 370.15
رقم الطبعة 21
رقم المادة ر أ ب
100 1# - المدخل الرئيسى - إسم شخصى
الإسم الشخصى راشد، أنور أحمد عيسى
9 (RLIN) 60027
245 12 - بيان العنوان
العنوان البناء النفسي لشخصية المعلم من منظور إسلامي /
بيان المسئوليه,etc أنور أحمد عيسى راشد، نبيل حسن صالح المقدمي.
250 ## - بيان الطبعة
بيان الطبعة ط. 1.
260 ## - PUBLICATION, DISTRIBUTION, ETC. (IMPRINT)
مكان الناشر او الموزع الجيزة، مصر :
اسم الناشر او الموزع الدار العالمية للنشر والتوزيع،
تاريخ النشر أو التوزيع 2017.
300 ## - الوصف المادى
التعداد 265 ص. ؛
أبعاد الوعاء 24 سم.
504 ## - تبصرة ببليوجرافية
تبصرة ببليوجرافية,الخ يشتمل علي إرجاعات ببليوجرافية.
650 #4 - المدخل الاضافى بالموضوع-مصطلح موضوعى
مصطلح موضوعي أو اسم جغرافي كعنصر مدخل المدرسون
التقسيم الفرعي العام علم نفس
9 (RLIN) 16733
650 #4 - المدخل الاضافى بالموضوع-مصطلح موضوعى
مصطلح موضوعي أو اسم جغرافي كعنصر مدخل علم النفس التربوي
9 (RLIN) 60031
700 1# - المدخل الاضافى - اسم شخصى
الإسم الشخصى المقدمي، نبيل حسن صالح
9 (RLIN) 60032
942 ## - عناصر المدخل الإضافي( كوها)
Koha [default] item type كتاب
المقتنيات
حالة الفقد نموذج السعر الفعال حالة تلف ليس للاعارة رقم الطلب رقم النسخة تاريخ الاكتساب الموقع الحالي الباركود الفرع الرئيسي Date last seen نوع المادة فى نظام كوها مصدر التصنيف او خطة الترفيف Total Checkouts
  2017-10-05   Not For Loan 370.15 ر أ ب 1 2017-10-05 المكتبة المركزية بالمجمعة (CL) 00235651 المكتبة المركزية بالمجمعة (CL) 2017-10-05 كتاب Dewey Decimal Classification  
  2017-10-05     370.15 ر أ ب 2 2017-10-05 المكتبة المركزية بالمجمعة (CL) 00235649 المكتبة المركزية بالمجمعة (CL) 2017-10-05 كتاب Dewey Decimal Classification  
  2017-10-05     370.15 ر أ ب 3 2017-10-05 المكتبة المركزية بالمجمعة (CL) 00235650 المكتبة المركزية بالمجمعة (CL) 2017-10-05 كتاب Dewey Decimal Classification  
  2017-10-05   Not For Loan 370.15 ر أ ب 1 2017-10-05 مكتبة كلية التربية بالزلفى - طالبات (EZF) 00235654 مكتبة كلية التربية بالزلفى - طالبات (EZF) 2017-10-05 كتاب Dewey Decimal Classification  
  2017-10-05     370.15 ر أ ب 2 2017-10-05 مكتبة كلية التربية بالزلفى - طالبات (EZF) 00235653 مكتبة كلية التربية بالزلفى - طالبات (EZF) 2017-10-05 كتاب Dewey Decimal Classification  
  2017-10-05     370.15 ر أ ب 2 2017-10-05 مكتبة مجمع الطالبات بالمجمعة (EMF) 00235652 مكتبة مجمع الطالبات بالمجمعة (EMF) 2017-10-05 كتاب Dewey Decimal Classification  
  2017-10-05   Not For Loan 370.15 ر أ ب 1 2017-10-05 مكتبة مجمع الطالبات بالمجمعة (EMF) 00235655 مكتبة مجمع الطالبات بالمجمعة (EMF) 2017-10-05 كتاب Dewey Decimal Classification